[Event "IOM Open-Masters 2017"]
[Site "Douglas"]
[Date "2017.09.26"]
[Round "4"]
[White "Watson, John"]
[Black "Maloberti, David"]
[Result "0-1"]
[WhiteElo "2247"]
[BlackElo "2132"]
[Annotator "NA"]
[PlyCount "108"]
[EventDate "2017.??.??"]
[EventType "swiss"]
[EventCountry "GBR"]
[SourceTitle "playchess.com"]
[Source "ChessBase"]
[SourceQuality "1"]
[TimeControl "40/6000+30:20/3000+30:900+30"]

1. d4 Nf6 2. c4 g6 3. Nc3 Bg7 4. e4 d6 5. h3 O-O 6. Bg5 c5 7. d5 Bd7 8. Nf3 Na6 9. Bd3 Qc7 10. O-O e6 11. Qd2 Nb4 12. Be2 exd5 13. exd5 Rfe8 14. a3 Na6 15. Bd3 Qb6 16. Rab1 Nc7 17. Qf4 Nh5 18. Qh2 f5 19. Ne2 Be5 20. Nxe5 dxe5 21. Nc3 Qd6 22. b4 b6 23. Rfe1 Na6 24. Nb5 Bxb5 25. cxb5 Nc7 26. bxc5 bxc5 27. Bc4 Rab8 28. Bc1 Na8 29. Ba2 Nb6 30. Bb2 f4 31. Rbd1 c4 32. g4 Nf6 33. Qg2 Rbc8 34. g5 c3 35. Bc1 Nfd7 36. Qg4 Nc5 37. Re2 Ne6 38. Rxe5 Qxe5 39. dxe6 c2 40. Rf1 Nd5 41. Qf3 Rc5 42. Qb3 Qxg5+ 43. Kh2 Rxe6 44. a4 Re5 45. Qa3 Rc8 46. Qd6 Rc3 47. Qd7 Qf5 48. Bxd5+ Rxd5 49. Qe8+ Qf8 50. Qe4 Qf5 51. Qe8+ Kg7 52. Qe7+ Qf7 53. Qe1 Rxh3+ 54. Kg2 Rg5+ 0-1

[Event "IOM Open-Masters 2017"]
[Site "Douglas"]
[Date "2017.09.26"]
[Round "4"]
[White "Osmanodja, Filiz"]
[Black "Byron, Alan M"]
[Result "1-0"]
[WhiteElo "2245"]
[BlackElo "2074"]
[Annotator "NA"]
[PlyCount "63"]
[EventDate "2017.??.??"]
[EventType "swiss"]
[EventCountry "GBR"]
[SourceTitle "playchess.com"]
[Source "ChessBase"]
[SourceQuality "1"]
[TimeControl "40/6000+30:20/3000+30:900+30"]

1. e4 e5 2. Nf3 Nc6 3. Bb5 a6 4. Ba4 Nf6 5. O-O Be7 6. Re1 b5 7. Bb3 O-O 8. h3 Bb7 9. d3 d5 10. exd5 Nxd5 11. Nxe5 Nxe5 12. Rxe5 Qd6 13. Re1 Rae8 14. Nd2 c5 15. Ne4 Qc7 16. c4 Nf6 17. Qf3 Nxe4 18. dxe4 Bf6 19. Bf4 Qb6 20. Rad1 Bd4 21. cxb5 axb5 22. Bd5 Ra8 23. Be3 Bxd5 24. exd5 Rxa2 25. Bxd4 cxd4 26. b4 Rc2 27. Qg3 Rc4 28. d6 Qc6 29. Qe5 Rd8 30. Qe7 Qa8 31. d7 Rf8 32. Qe8 1-0

[Event "IOM Open-Masters 2017"]
[Site "Douglas"]
[Date "2017.09.26"]
[Round "4"]
[White "Allen, Keith"]
[Black "Bianco, Valerio"]
[Result "1-0"]
[WhiteElo "2231"]
[BlackElo "2086"]
[Annotator "NA"]
[PlyCount "73"]
[EventDate "2017.??.??"]
[EventType "swiss"]
[EventCountry "GBR"]
[SourceTitle "playchess.com"]
[Source "ChessBase"]
[SourceQuality "1"]
[TimeControl "40/6000+30:20/3000+30:900+30"]

1. d4 g6 2. c4 Bg7 3. Nc3 d6 4. e4 e5 5. dxe5 dxe5 6. Qxd8+ Kxd8 7. f4 Nd7 8. Nf3 Ne7 9. Ng5 Rg8 10. Nxf7+ Ke8 11. Ng5 Nf8 12. Nb5 Kd7 13. Be3 a6 14. O-O-O+ Kc6 15. fxe5 Bg4 16. Nd4+ Kd7 17. Be2 Bxe2 18. Nxe2+ Ke8 19. Bf4 h6 20. Nf3 Ne6 21. h4 Nc6 22. Be3 Rh8 23. Nf4 Nxf4 24. Bxf4 Ke7 25. e6 Kxe6 26. Bxc7 Rac8 27. Bd6 Na5 28. b3 b5 29. c5 Nb7 30. b4 a5 31. a3 axb4 32. axb4 Bc3 33. Nd4+ Kf7 34. Rhf1+ Ke8 35. Nc2 Ra8 36. Rf3 Bg7 37. e5 1-0

[Event "IOM Open-Masters 2017"]
[Site "Douglas"]
[Date "2017.09.26"]
[Round "4"]
[White "Player, Edmund C"]
[Black "Maroroa, Sue"]
[Result "1/2-1/2"]
[WhiteElo "2202"]
[BlackElo "2083"]
[Annotator "NA"]
[PlyCount "201"]
[EventDate "2017.??.??"]
[EventType "swiss"]
[EventCountry "GBR"]
[SourceTitle "playchess.com"]
[Source "ChessBase"]
[SourceQuality "1"]
[TimeControl "40/6000+30:20/3000+30:900+30"]

1. e4 e5 2. Nf3 Nc6 3. Bb5 a6 4. Ba4 Nf6 5. O-O b5 6. Bb3 Bc5 7. c3 d6 8. d4 Bb6 9. h3 O-O 10. Re1 h6 11. a4 Rb8 12. axb5 axb5 13. Qd3 Bd7 14. Be3 exd4 15. cxd4 Nb4 16. Qd2 c5 17. dxc5 dxc5 18. Bf4 Rb7 19. Bd6 Re8 20. Nc3 Bc6 21. e5 Nh7 22. Nd5 Nxd5 23. Bxd5 Bxd5 24. Qxd5 Qc8 25. Ra6 c4 26. Rea1 Bc7 27. Ra8 Bb8 28. Nd4 Qd7 29. Nc6 Bxd6 30. Rxe8+ Qxe8 31. exd6 Nf6 32. Qf3 Qe4 33. Ra8+ Kh7 34. Rb8 Rd7 35. Qxe4+ Nxe4 36. Rxb5 Rxd6 37. Ne5 Rd4 38. f3 Nd6 39. Rb6 f6 40. Ng4 Nf5 41. Rb5 Kg6 42. Kf2 Rd2+ 43. Ke1 Rd6 44. Kf2 Rd3 45. Ke1 Nh4 46. Nf2 Nxg2+ 47. Kf1 Ne3+ 48. Ke2 Rd5 49. Rb4 Re5 50. Kd2 Nf1+ 51. Kc3 Re2 52. Ne4 Ne3 53. Rb5 Nd1+ 54. Kxc4 Nxb2+ 55. Kd4 Nd1 56. Rb1 Nf2 57. Ng3 Re8 58. h4 h5 59. Rb5 Nh3 60. Rxh5 Nf4 61. Ra5 Ne2+ 62. Nxe2 Rxe2 63. Kd3 Rh2 64. Ra4 Kh5 65. Ra7 Kh6 66. Ra4 g6 67. Ke3 Kh5 68. Ra6 f5 69. Kf4 Rxh4+ 70. Kg3 Rb4 71. Ra5 Rb6 72. Rc5 Rf6 73. Ra5 g5 74. Ra8 Rb6 75. Rh8+ Kg6 76. Rg8+ Kh6 77. Rf8 Rb5 78. Rf7 Kg6 79. Rf8 Rb1 80. Rg8+ Kh6 81. Rh8+ Kg7 82. Ra8 Rb3 83. Kg2 Kg6 84. Rg8+ Kf6 85. Rf8+ Ke5 86. Ra8 Kf4 87. Ra2 Rd3 88. Rb2 Ra3 89. Rc2 Ke3 90. Rc5 Ra2+ 91. Kg1 Kf4 92. Kf1 Ra3 93. Kg2 Ra2+ 94. Kf1 g4 95. fxg4 Kxg4 96. Rc3 f4 97. Kg1 Re2 98. Kf1 Re3 99. Rxe3 fxe3 100. Ke2 Kf4 101. Ke1 1/2-1/2

[Event "IOM Open-Masters 2017"]
[Site "Douglas"]
[Date "2017.09.26"]
[Round "4"]
[White "Oyama, Akito"]
[Black "Nahnsen, Kenneth"]
[Result "1-0"]
[WhiteElo "2198"]
[BlackElo "2011"]
[Annotator "NA"]
[PlyCount "69"]
[EventDate "2017.??.??"]
[EventType "swiss"]
[EventCountry "GBR"]
[SourceTitle "playchess.com"]
[Source "ChessBase"]
[SourceQuality "1"]
[TimeControl "40/6000+30:20/3000+30:900+30"]

1. e4 c5 2. Nc3 a6 3. g3 b5 4. Bg2 Bb7 5. d3 e6 6. Nh3 Nf6 7. O-O Be7 8. f4 d6 9. f5 exf5 10. Rxf5 Qb6 11. Be3 Nbd7 12. Rf1 b4 13. Nb1 d5 14. Nf4 dxe4 15. dxe4 O-O 16. Nd2 Ne5 17. c4 Nfg4 18. Qe2 Nxe3 19. Qxe3 Bg5 20. Qf2 Bxf4 21. gxf4 Ng6 22. Nb3 Rac8 23. Rad1 a5 24. e5 Bxg2 25. Qxg2 a4 26. Rd6 Qc7 27. Nd2 f6 28. Qd5+ Kh8 29. Rd7 Qb6 30. e6 Rfe8 31. f5 Ne5 32. Rd6 Rc6 33. Ne4 Rxd6 34. Nxd6 Rd8 35. e7 1-0

[Event "IOM Open-Masters 2017"]
[Site "Douglas"]
[Date "2017.09.26"]
[Round "4"]
[White "Heimisson, Hilmir Freyr"]
[Black "Mannion, Stephen R"]
[Result "1-0"]
[WhiteElo "2185"]
[BlackElo "2320"]
[Annotator "NA"]
[PlyCount "91"]
[EventDate "2017.??.??"]
[EventType "swiss"]
[EventCountry "GBR"]
[SourceTitle "playchess.com"]
[Source "ChessBase"]
[SourceQuality "1"]
[TimeControl "40/6000+30:20/3000+30:900+30"]

1. d4 d5 2. Bg5 f6 3. Bd2 Nc6 4. c4 dxc4 5. e3 e5 6. Bxc4 exd4 7. Qb3 Nh6 8. Nf3 dxe3 9. Bxe3 Na5 10. Qa4+ c6 11. Be2 b5 12. Bxb5 cxb5 13. Qe4+ Be6 14. Qxe6+ Be7 15. Bxh6 gxh6 16. O-O Qd7 17. Qe4 O-O 18. Qf4 Kg7 19. Nc3 Bd6 20. Qh4 b4 21. Ne4 f5 22. Nxd6 Qxd6 23. Rfd1 Qf6 24. Qxb4 Nc6 25. Qb7+ Kg8 26. Rac1 Rfc8 27. h3 Ne7 28. Rxc8+ Rxc8 29. Qxa7 Rc2 30. b4 Rb2 31. a3 Ra2 32. Qe3 Kg7 33. Re1 Ra1 34. Rxa1 Qxa1+ 35. Kh2 Nd5 36. Qa7+ Kf6 37. b5 Qb2 38. a4 Qb4 39. Qb8 Kf7 40. Qe5 Ne7 41. Qd4 Qa5 42. Ne5+ Ke6 43. f4 Nd5 44. Qc4 Qb6 45. Qc8+ Ke7 46. Qd7+ 1-0

[Event "IOM Open-Masters 2017"]
[Site "Douglas"]
[Date "2017.09.26"]
[Round "4"]
[White "Birkisson, Bardur Orn"]
[Black "Kojima, Shinya"]
[Result "1/2-1/2"]
[WhiteElo "2164"]
[BlackElo "2403"]
[Annotator "NA"]
[PlyCount "178"]
[EventDate "2017.??.??"]
[EventType "swiss"]
[EventCountry "GBR"]
[SourceTitle "playchess.com"]
[Source "ChessBase"]
[SourceQuality "1"]
[TimeControl "40/6000+30:20/3000+30:900+30"]

1. Nf3 d5 2. c4 c6 3. g3 Nf6 4. Bg2 g6 5. b3 Bg7 6. Bb2 O-O 7. O-O Bg4 8. d3 Bxf3 9. Bxf3 e6 10. Qc2 Nbd7 11. Nd2 Qe7 12. d4 Rfd8 13. Rfe1 Rac8 14. e4 dxe4 15. Nxe4 Nxe4 16. Bxe4 Nf6 17. Bf3 Qc7 18. Rad1 Rd7 19. Rd3 Rcd8 20. Red1 h5 21. h4 Ne8 22. Bc3 b5 23. Kg2 Rc8 24. Qd2 Nd6 25. Bb4 bxc4 26. Bxd6 Rxd6 27. bxc4 Rcd8 28. Qe3 c5 29. dxc5 Rxd3 30. Rxd3 Rxd3 31. Qxd3 Qxc5 32. Qd8+ Bf8 33. Qb8 Qd4 34. Qa8 Kg7 35. Qe4 Qa1 36. Qe2 Bc5 37. Qc2 Qd4 38. Qe2 f5 39. Qc2 Kf6 40. Qe2 e5 41. Bd5 e4 42. Bc6 Ke5 43. Be8 Kf6 44. Bc6 Qc3 45. Bd5 Bd4 46. Bc6 a5 47. a4 Qc1 48. Bd5 Qa3 49. Bc6 Qb3 50. Be8 Qb7 51. Kh2 Qb4 52. Bc6 Qc5 53. Qd2 Qxc4 54. Bb5 Qc5 55. Kg2 Kg7 56. Be8 Qd5 57. Kh2 Qe5 58. Bb5 Qc5 59. Kg2 Qa7 60. Bc4 Kh7 61. Bb5 Qc5 62. Be8 Bg7 63. Qd7 Qc3 64. Qe6 Qf3+ 65. Kg1 Qg4 66. Kg2 Kh6 67. Qa6 Kh7 68. Qe6 Qf3+ 69. Kg1 Qd1+ 70. Kg2 Qg4 71. Kg1 Kh6 72. Qd6 f4 73. Qxf4+ Qxf4 74. gxf4 Bf6 75. Bc6 Bxh4 76. Bxe4 Be7 77. Kg2 Kg7 78. Kf3 Kf6 79. Bb1 Bc5 80. Bd3 h4 81. Kg4 Bxf2 82. Bc2 Bg3 83. Bb1 Kg7 84. Bd3 Kh6 85. Bc2 Bf2 86. Bd3 Be3 87. Kxh4 Bxf4 88. Kg4 Bd2 89. Bb5 Kg7 1/2-1/2

[Event "IOM Open-Masters 2017"]
[Site "Douglas"]
[Date "2017.09.26"]
[Round "4"]
[White "Babar, Michael"]
[Black "Eggleston, David J"]
[Result "0-1"]
[WhiteElo "2130"]
[BlackElo "2400"]
[Annotator "NA"]
[PlyCount "46"]
[EventDate "2017.??.??"]
[EventType "swiss"]
[EventCountry "GBR"]
[SourceTitle "playchess.com"]
[Source "ChessBase"]
[SourceQuality "1"]
[TimeControl "40/6000+30:20/3000+30:900+30"]

1. Nf3 Nf6 2. d4 b6 3. g3 Bb7 4. Bg2 e6 5. O-O Be7 6. b3 O-O 7. Bb2 d5 8. Nbd2 c5 9. c4 Nc6 10. cxd5 exd5 11. Rc1 Ne4 12. dxc5 Bxc5 13. Nxe4 dxe4 14. Ne5 Nxe5 15. Bxe5 Qe8 16. Bb2 Rd8 17. Qc2 Rc8 18. Qb1 Qe7 19. Rfd1 e3 20. f3 Ba6 21. Kf1 Rcd8 22. f4 Bxe2+ 23. Kxe2 Rd2+ 0-1

[Event "IOM Open-Masters 2017"]
[Site "Douglas"]
[Date "2017.09.26"]
[Round "4"]
[White "Prueske, Wolfgang"]
[Black "Coathup, Roger H"]
[Result "0-1"]
[WhiteElo "2046"]
[BlackElo "2125"]
[Annotator "NA"]
[PlyCount "114"]
[EventDate "2017.??.??"]
[EventType "swiss"]
[EventCountry "GBR"]
[SourceTitle "playchess.com"]
[Source "ChessBase"]
[SourceQuality "1"]
[TimeControl "40/6000+30:20/3000+30:900+30"]

1. e4 c5 2. Nf3 e6 3. g3 Nc6 4. Bg2 Nf6 5. Qe2 e5 6. c3 Be7 7. O-O O-O 8. Na3 Re8 9. Nc2 Bf8 10. d3 h6 11. Ne3 d5 12. Nxd5 Nxd5 13. exd5 Qxd5 14. Nd2 Qd6 15. Nc4 Qg6 16. Be4 Bf5 17. Qf3 Bg4 18. Bxg6 Bxf3 19. Be4 Bg4 20. Re1 f6 21. b3 Rac8 22. Bb2 Red8 23. Ne3 Be6 24. Rad1 Bf7 25. Rd2 b6 26. Red1 g6 27. g4 Kg7 28. Kf1 Be6 29. Bxc6 Rxc6 30. d4 cxd4 31. cxd4 exd4 32. Rxd4 Rxd4 33. Rxd4 Bc5 34. Rf4 Be7 35. Ra4 Rc7 36. Re4 Kf7 37. h3 b5 38. Rd4 Bc5 39. Rd2 h5 40. Rc2 Rc8 41. Bc1 a5 42. Bd2 Bxe3 43. Rxc8 Bxd2 44. Rc7+ Ke8 45. gxh5 gxh5 46. Ke2 Bb4 47. Ra7 Bxh3 48. a3 Bxa3 49. Rxa5 b4 50. Kd3 Be6 51. Kc2 h4 52. Rh5 h3 53. f4 Bg4 54. Rh4 Bf5+ 55. Kd1 Ke7 56. Rh8 Bg4+ 57. Kd2 Ke6 0-1

[Event "IOM Open-Masters 2017"]
[Site "Douglas"]
[Date "2017.09.26"]
[Round "4"]
[White "Mai, Aron Thor"]
[Black "Kavutskiy, Konstantin"]
[Result "0-1"]
[WhiteElo "2038"]
[BlackElo "2390"]
[Annotator "NA"]
[PlyCount "60"]
[EventDate "2017.??.??"]
[EventType "swiss"]
[EventCountry "GBR"]
[SourceTitle "playchess.com"]
[Source "ChessBase"]
[SourceQuality "1"]
[TimeControl "40/6000+30:20/3000+30:900+30"]

1. e4 c5 2. Nf3 e6 3. d4 cxd4 4. Nxd4 Nc6 5. Nc3 Qc7 6. f4 a6 7. Nxc6 bxc6 8. Bd3 d5 9. O-O Nf6 10. Qe2 Be7 11. Bd2 Bb7 12. Kh1 c5 13. exd5 exd5 14. Rae1 Kf8 15. Nd1 Bd6 16. Qf2 h5 17. Qh4 Be7 18. Qh3 Rd8 19. a3 h4 20. Ne3 Kg8 21. Nf5 Bf8 22. Nxh4 Ne4 23. Bxe4 dxe4 24. Bc3 Qe7 25. g3 e3+ 26. Kg1 c4 27. Qf5 Rxh4 28. gxh4 Ba8 29. h3 Qb7 30. Rxe3 Qg2# 0-1

[Event "IOM Open-Masters 2017"]
[Site "Douglas"]
[Date "2017.09.26"]
[Round "4"]
[White "Zahn, Alina"]
[Black "Bellin, Robert"]
[Result "0-1"]
[WhiteElo "2025"]
[BlackElo "2344"]
[Annotator "NA"]
[PlyCount "76"]
[EventDate "2017.??.??"]
[EventType "swiss"]
[EventCountry "GBR"]
[SourceTitle "playchess.com"]
[Source "ChessBase"]
[SourceQuality "1"]
[TimeControl "40/6000+30:20/3000+30:900+30"]

1. e4 c6 2. d4 d5 3. Nc3 g6 4. e5 Bg7 5. f4 h5 6. Bd3 b5 7. Be3 Na6 8. Qe2 Qa5 9. Bd2 Qb6 10. a3 Nc7 11. Qf2 Nh6 12. h3 Bf5 13. Bxf5 Nxf5 14. Nf3 h4 15. Ne2 a5 16. g4 hxg3 17. Nxg3 Nxg3 18. Qxg3 Ne6 19. Be3 Bh6 20. c3 O-O-O 21. Kd2 Ng7 22. Qf2 e6 23. Ne1 Nf5 24. Nd3 Bf8 25. Qf3 Be7 26. Bf2 Kc7 27. Ne1 c5 28. Nc2 c4 29. Ne3 Nxe3 30. Bxe3 Rh5 31. Rh2 b4 32. axb4 axb4 33. Rhh1 bxc3+ 34. Ke1 cxb2 35. Rb1 Qb3 36. Qe2 c3 37. Kf2 Kd7 38. Rhc1 bxc1=N 0-1

[Event "IOM Open-Masters 2017"]
[Site "Douglas"]
[Date "2017.09.26"]
[Round "4"]
[White "Birkisson, Bjorn Holm"]
[Black "Kruse, Janik"]
[Result "1/2-1/2"]
[WhiteElo "2023"]
[BlackElo "2096"]
[Annotator "NA"]
[PlyCount "145"]
[EventDate "2017.??.??"]
[EventType "swiss"]
[EventCountry "GBR"]
[SourceTitle "playchess.com"]
[Source "ChessBase"]
[SourceQuality "1"]
[TimeControl "40/6000+30:20/3000+30:900+30"]

1. e4 e5 2. Nf3 Nc6 3. Bc4 Bc5 4. O-O Nf6 5. d3 d6 6. h3 a6 7. a4 Be6 8. Bxe6 fxe6 9. c3 Ba7 10. Qb3 Qc8 11. Be3 O-O 12. Nbd2 Nh5 13. Bxa7 Rxa7 14. d4 exd4 15. cxd4 Nf4 16. Kh2 Nd8 17. g3 Ng6 18. Rac1 Qd7 19. a5 d5 20. e5 Qe7 21. Rc3 Nc6 22. Qa4 Qe8 23. Qa3 Nge7 24. Rc2 Nf5 25. Qc3 Qg6 26. Nb3 h5 27. Qd3 Nce7 28. Rc3 b6 29. Qd2 Qe8 30. Ng5 Ng6 31. Qe2 h4 32. Qh5 Nh6 33. gxh4 Rf4 34. Rc6 Rxh4 35. Rxe6 Qxe6 36. Qxh4 Qf5 37. Qg3 Nf4 38. Re1 Ra8 39. e6 Re8 40. Re5 Qf6 41. e7 Ng6 42. Rxd5 Rxe7 43. Rd8+ Nf8 44. Qf3 Qxg5 45. Rxf8+ Kh7 46. Qd3+ g6 47. Qf3 Re1 48. Qg3 Qxg3+ 49. Kxg3 Rb1 50. Rc8 Nf5+ 51. Kf4 Rxb2 52. Rxc7+ Kh6 53. Rc3 bxa5 54. d5 Rxf2+ 55. Ke5 a4 56. Nc5 Re2+ 57. Kf6 Rd2 58. Ne6 Nd6 59. Rc6 Rxd5 60. Rxa6 Ne4+ 61. Ke7 Re5 62. Ra8 Kh7 63. Kf7 Ng5+ 64. Nxg5+ Rxg5 65. Rxa4 Rf5+ 66. Ke6 Kh6 67. Re4 Rf3 68. h4 Kh5 69. Ke7 Rf5 70. Ke6 Ra5 71. Kf6 Ra6+ 72. Kg7 Rb6 73. Kf7 1/2-1/2

[Event "IOM Open-Masters 2017"]
[Site "Douglas"]
[Date "2017.09.26"]
[Round "4"]
[White "Acosta, Mariano"]
[Black "Vaishali, R."]
[Result "0-1"]
[WhiteElo "1988"]
[BlackElo "2329"]
[Annotator "NA"]
[PlyCount "54"]
[EventDate "2017.??.??"]
[EventType "swiss"]
[EventCountry "GBR"]
[SourceTitle "playchess.com"]
[Source "ChessBase"]
[SourceQuality "1"]
[TimeControl "40/6000+30:20/3000+30:900+30"]

1. d4 Nf6 2. Bg5 d5 3. Nd2 g6 4. e3 Bg7 5. Bd3 O-O 6. h4 b6 7. Bxf6 exf6 8. h5 c5 9. c3 Ba6 10. Bxa6 Nxa6 11. hxg6 hxg6 12. Ne2 Re8 13. Qa4 Qc8 14. O-O-O Rb8 15. Rh4 b5 16. Qc2 b4 17. Rdh1 bxc3 18. bxc3 cxd4 19. Nxd4 Nc5 20. N4b3 f5 21. c4 Qa6 22. Nxc5 Qa3+ 23. Kd1 Qxc5 24. Nb3 Qa3 25. Rh7 dxc4 26. Qxc4 Qb2 27. Nd4 Rbc8 0-1

[Event "IOM Open-Masters 2017"]
[Site "Douglas"]
[Date "2017.09.26"]
[Round "4"]
[White "Dahl, Baard"]
[Black "Balint, Vilmos"]
[Result "0-1"]
[WhiteElo "1974"]
[BlackElo "2281"]
[Annotator "NA"]
[PlyCount "64"]
[EventDate "2017.??.??"]
[EventType "swiss"]
[EventCountry "GBR"]
[SourceTitle "playchess.com"]
[Source "ChessBase"]
[SourceQuality "1"]
[TimeControl "40/6000+30:20/3000+30:900+30"]

1. e4 e6 2. d4 d5 3. Nd2 a6 4. e5 c5 5. c3 Nc6 6. Ngf3 Nh6 7. dxc5 Ng4 8. Qa4 h5 9. h3 Nh6 10. Nb3 Bd7 11. Qf4 Be7 12. g4 Qc7 13. Bd3 hxg4 14. hxg4 O-O-O 15. Rg1 f6 16. exf6 e5 17. Qg3 gxf6 18. Bxh6 Rxh6 19. Bf5 Bxf5 20. gxf5 Rdh8 21. O-O-O Qd7 22. Qg4 Bd8 23. c4 d4 24. Nbd2 Nb4 25. Ne4 Qa4 26. Nd6+ Kb8 27. Qe4 Nxa2+ 28. Kb1 R6h7 29. Rd3 Ba5 30. Qd5 Nb4 31. Rg8+ Bd8 32. Rxh8 Qc2+ 0-1

[Event "IOM Open-Masters 2017"]
[Site "Douglas"]
[Date "2017.09.27"]
[Round "5"]
[White "Carlsen, Magnus"]
[Black "Granda Zuniga, Julio E"]
[Result "1-0"]
[WhiteElo "2827"]
[BlackElo "2653"]
[Annotator "TA"]
[PlyCount "55"]
[EventDate "2017.??.??"]
[EventType "swiss"]
[EventCountry "GBR"]
[SourceTitle "playchess.com"]
[Source "ChessBase"]
[SourceQuality "1"]

{[%evp 23,55,27,26,16,27,2,12,4,21,0,0,0,0,0,2,0,51,60,92,92,91,91,94,94,87,87,87,93,122,127,127,123,125,114]} 1. e4 e5 2. Nf3 Nf6 3. Nxe5 d6 4. Nf3 Nxe4 5. d4 d5 6. Bd3 Be7 7. O-O O-O 8. c4 Nf6 9. Nc3 Nc6 10. cxd5 Nb4 11. Re1 Nbxd5 12. h3 c6 {LiveBook: 3 Games} 13. a3 {C42: Petroff Defence: 3 Nxe5 and unusual White 3rd moves} Re8 14. Qc2 h6 15. Nxd5 $146 {The position is equal.} ({Predecessor:} 15. Ne5 Qb6 16. Nxd5 cxd5 17. Be3 Be6 18. Qd2 Rac8 19. Bxh6 gxh6 20. Qxh6 Qxb2 21. Rab1 Qxa3 22. Re3 Rc1+ 23. Kh2 Rxb1 24. Rg3+ Bg4 25. Nxg4 Rh1+ 26. Kxh1 Qc1+ {1-0 (26) Maximov,D (2485)-Shtanko,D (2346) Poltava 2009}) 15... Nxd5 16. Ne5 {Threatening Bh7+.} Bd6 17. Bh7+ Kf8 18. Bd2 {[#] And now Nxf7! would win.} Be6 19. Re2 $36 {[%mdl 2048] Black is under pressure.} Nf6 (19... Qf6 $11) 20. Rae1 $14 {Threatens to win with Ng6+!} Qc7 {[#]} 21. Ng6+ $1 {White is better.} fxg6 22. Rxe6 Nxh7 23. Rxe8+ Rxe8 24. Rxe8+ Kxe8 25. Qxg6+ Kd8 26. Qxh7 {Black must now prevent Qh8+.} Qe7 27. g3 Kc7 28. Qg6 {Precision: White = 69%, Black = 75%.} 1-0

[Event "IOM Open-Masters 2017"]
[Site "Douglas"]
[Date "2017.09.27"]
[Round "5"]
[White "Caruana, Fabiano"]
[Black "Xiong, Jeffery"]
[Result "1-0"]
[WhiteElo "2799"]
[BlackElo "2633"]
[Annotator "TA"]
[PlyCount "63"]
[EventDate "2017.??.??"]
[EventType "swiss"]
[EventCountry "GBR"]
[SourceTitle "playchess.com"]
[Source "ChessBase"]
[SourceQuality "1"]

{[%evp 26,63,8,15,25,44,64,62,79,77,80,70,97,92,97,101,187,180,278,270,273,241,271,275,271,257,265,264,283,276,274,283,314,309,443,442,425,417,447,443]} 1. Nf3 Nf6 2. c4 e6 3. Nc3 d5 4. d4 c5 5. cxd5 Nxd5 6. e4 Nxc3 7. bxc3 cxd4 8. cxd4 Bb4+ 9. Bd2 Bxd2+ 10. Qxd2 O-O 11. Bc4 b6 12. d5 {D41: Damengambit (Verbesserte Tarrasch-Verteidigung)} Ba6 13. Bxa6 Nxa6 14. d6 {LiveBook: 4 Partien. Die Stellung ist ausgeglichen.} Nc5 15. e5 {[#]} Qd7 $146 ({Vorgänger:} 15... f6 16. O-O fxe5 17. Nxe5 Qf6 18. f4 Rad8 19. Rad1 Kh8 {1-0 (40) Van Wely,L (2632)-Gofshtein,L (2517) Frankfurt 1999}) 16. O-O Rad8 17. Rad1 Qa4 18. Rfe1 f6 19. Qe2 fxe5 20. Nxe5 Rf4 (20... Nd7 $16) 21. d7 $1 $18 h6 (21... Re4 {war angesagt.} 22. Qh5 Rxe1+ 23. Rxe1 Qf4) 22. g3 Rf5 23. Rd6 Rxe5 24. Qxe5 Rxd7 25. Rxd7 Qxd7 {[%mdl 4096] Endspiel KDT-KDS} 26. Qe2 Qd4 27. Rd1 Qf6 28. h4 {[%cal Bh2h4,Bh4h5][%mdl 32]} Kh8 29. h5 Qg5 (29... e5 {war einen Versuch wert.} 30. Qg4 Qf8) 30. Qf3 Kh7 31. Rd4 Qe5 32. Rd8 {Precision: Weiß = 98%, Schwarz = 22%.} 1-0

[Event "IOM Open-Masters 2017"]
[Site "Douglas"]
[Date "2017.09.27"]
[Round "5"]
[White "Anand, Viswanathan"]
[Black "Grandelius, Nils"]
[Result "1/2-1/2"]
[WhiteElo "2794"]
[BlackElo "2653"]
[Annotator "TA"]
[PlyCount "69"]
[EventDate "2017.??.??"]
[EventType "swiss"]
[EventCountry "GBR"]
[SourceTitle "playchess.com"]
[Source "ChessBase"]
[SourceQuality "1"]

{[%evp 14,69,17,14,14,12,26,12,8,0,0,0,35,19,19,18,22,14,24,20,20,17,16,14,22,15,20,19,20,27,22,24,25,7,40,5,37,29,43,43,51,48,48,53,54,13,47,11,12,16,15,6,18,0,18,0,0,7]} 1. e4 c5 2. Nf3 d6 3. d4 cxd4 4. Nxd4 Nf6 5. Nc3 a6 6. h3 e6 7. g4 h6 8. Bg2 Be7 {B81: Sicilian Scheveningen: Keres Attack} (8... g5 9. Be3 Nbd7 10. Qe2 Ne5 11. O-O-O Nfd7 12. h4 Rg8 13. hxg5 hxg5 14. Kb1 b5 15. a3 Bb7 16. Bc1 Rc8 {0-1 (48) Dominguez Perez,L (2739)-Kasparov,G (2812) Saint Louis 2017}) 9. Be3 Nc6 10. Nxc6 bxc6 11. Qd2 $146 ({Predecessor:} 11. O-O O-O 12. Na4 Rb8 13. c4 Qc7 14. b3 Rd8 15. Qc2 c5 16. Rad1 {1-0 (51) Budnik,M (1935)-Parol,P (1968) Szklarska Poreba 2017}) 11... Rb8 12. O-O-O Qa5 13. e5 Nd5 {[#] White must now prevent ...Qb4.} 14. exd6 $1 Bf6 15. Bxd5 (15. Nxd5 {gets mated.} Bxb2+ 16. Kb1 Bc3+ 17. Bb6 Rxb6+ 18. Nxb6 Qxb6+ 19. Kc1 Qb2#) 15... cxd5 16. Bd4 Qb4 {[%csl Gb8][%cal Rb4b2]} 17. b3 Qxd4 18. Qxd4 Bxd4 19. Rxd4 Kd7 20. Nd1 Bb7 21. Re1 Kxd6 22. Ne3 Kc5 23. c3 Rbc8 24. Red1 Rc7 25. Kb2 Kb6 26. f4 Rhc8 27. c4 dxc4 28. Nxc4+ Ka7 29. Nd6 Rb8 30. Rc1 Rxc1 {The position is equal.} 31. Kxc1 Rf8 32. Nxb7 Kxb7 33. Kd2 Kc6 34. Ke3 f5 35. Rc4+ {Precision: White = 54%, Black = 63%.} 1/2-1/2